[Event "Villarrica op 1st"]
[Site "Villarrica"]
[Date "2021.02.27"]
[Round "1"]
[White "Escobar Alderete, Jesus Daniel"]
[Black "Pereira, Fabian"]
[Result "0-1"]
[WhiteElo "1238"]
[BlackElo "2088"]
[PlyCount "56"]
[EventDate "2021.02.27"]
[EventType "swiss"]
[EventRounds "7"]
[EventCountry "PAR"]
[SourceTitle "EXT 2022"]
[Source "ChessBase"]
[SourceDate "2021.10.06"]
[SourceVersion "1"]
[SourceVersionDate "2021.10.06"]
[SourceQuality "1"]

1. d4 Nf6 2. Bf4 g6 3. e3 Bg7 4. Nf3 d5 5. Be2 0-0 6. 0-0 c5 7. c3 Nc6 8. Nbd2 Nd7 9. Bg3 e5 10. dxe5 Ndxe5 11. Nxe5 Nxe5 12. Nf3 Nc6 13. Rc1 Be6 14. Bb5 Qb6 15. Bxc6 bxc6 16. Qd2 Rfd8 17. b3 a5 18. Rfd1 a4 19. Rb1 Bf5 20. Rb2 a3 21. Rbb1 Bxb1 22. Rxb1 d4 23. exd4 cxd4 24. cxd4 Bxd4 25. Nxd4 Qxd4 26. Qc2 Qd2 27. Qxd2 Rxd2 28. Ra1 Rad8 0-1

[Event "PAR-ch sf"]
[Site "Asuncion"]
[Date "2020.03.06"]
[Round "1"]
[White "Heinechen, John"]
[Black "Escobar Alderete, Jesus Daniel"]
[Result "1-0"]
[WhiteElo "1948"]
[BlackElo "1266"]
[PlyCount "45"]
[EventDate "2020.03.06"]
[EventType "swiss"]
[EventRounds "7"]
[EventCountry "PAR"]
[SourceTitle "CBM 195 Extra"]
[Source "ChessBase"]
[SourceDate "2020.05.31"]
[SourceVersion "1"]
[SourceVersionDate "2020.05.31"]
[SourceQuality "1"]

1. e4 e6 2. d4 d5 3. Nd2 Bd7 4. e5 c5 5. c3 Nc6 6. Ngf3 Qb6 7. Bd3 cxd4 8. 0-0 dxc3 9. bxc3 Qc7 10. Re1 Bc5 11. Nb3 Bb6 12. Ba3 Nge7 13. Rc1 0-0 14. c4 dxc4 15. Bxh7+ Kxh7 16. Ng5+ Kh6 17. Rxc4 Bxf2+ 18. Kxf2 Ng6 19. Bc1 Qb6+ 20. Be3 Qb5 21. Qd3 Ncxe5 22. Rh4+ Nxh4 23. Qh7# 1-0